| 000 | 00736nam a2200217 a 4500 | ||
|---|---|---|---|
| 001 | 80694 | ||
| 003 | BD-RjUL | ||
| 005 | 20221103092453.0 | ||
| 008 | 221103s1884 ii 000 0 eng d | ||
| 035 | _a(BD-RjUL)80694 | ||
| 040 |
_aCU-A _cCU-A _beng _dBD-RjUL |
||
| 041 | _aeng | ||
| 082 |
_223 _a821 _bWEI 1884 |
||
| 100 | 1 |
_aWebb, W. T. _q(William Trego), _d1847-1934. _95673 |
|
| 245 | 1 | 0 |
_aIndian lyrics / _cby W. Trego Webb. |
| 260 |
_aCalcutta ; _aLondon : _bThacker, Spink ; _bW. Thacker, _c1884. |
||
| 300 |
_axv, 232 p. ; _c19 cm. |
||
| 650 | _aEnglish poetry | ||
| 942 |
_2ddc _cBK |
||
| 999 |
_c80694 _d80694 |
||